000
00227nam a22001097a 4500
082
_a
م ح م
100
_a
محمد مسعود احمد
245
_a
قبلہ
260
_a
کراچی
_c
۱۹۹۵
300
_a
۳۲
942
_c
BK
999
_c
11717
_d
11717